Statistics for Mediterranean Games Editions Quiz

Click here to take the quiz!

General Stats

  • This quiz has been taken 34 times
  • The average score is 46 of 55

Answer Stats

Answer% Correct
France
100%
Italy
100%
Spain
100%
Algeria
97%
Egypt
97%
Greece
97%
Turkey
97%
Tunis
94%
Athens
90%
Barcelona
90%
Morocco
90%
Yugoslavia
90%
Tunisia
87%
Algiers
81%
Naples
81%
Casablanca
77%
Syria
77%
Alexandria
74%
Lebanon
74%
İzmir
68%
Beirut
65%
Split
65%
Bari
52%
Oran
42%
Almería
29%
Latakia
29%
Pescara
26%
Tarragona
26%
Mersin
19%
Languedoc-Roussillon
13%

Score Distribution

Percentile by Number Answered

Percent of People with Each Score

Your Score History

You have not taken this quiz